000 00817nab a2200253 u 4500
001 20233
003 HDC
007 cr bn ---aaaaa
008 210304c20100204xx dr|noo 0 a eng d
040 _aHDC
245 0 _aTourism Market In Malaysia Outstrips Expectations
260 _a[No place] :
_b[publisher not identified],
_c2010
300 _a1 online resource
336 _atext
_2rdacontent
337 _acomputer
_2rdamedia
338 _aonline resource
_2rdacarrier
650 _aMuslim tourists
_9483
650 _aTourism Market
_918352
710 _aHalal Focus
856 _zRequest full-text at [email protected]
942 _2lcc
942 _cNEWS
942 _kNWSO 006356
999 _c17549
_d17549